[Event "Klatovy op-B 24th"]
[Site "Klatovy"]
[Date "2018.07.04"]
[Round "5"]
[White "Zeman, Jiri"]
[Black "Vojir, Vaclav"]
[Result "1/2-1/2"]
[WhiteElo "1767"]
[BlackElo "1225"]
[PlyCount "53"]
[EventDate "2018.06.30"]
[EventType "swiss"]
[EventRounds "9"]
[EventCountry "CZE"]
[SourceTitle "CBM 185 Extra"]
[Source "ChessBase"]
[SourceDate "2018.07.29"]
[SourceVersion "1"]
[SourceVersionDate "2018.07.29"]
[SourceQuality "1"]

1. e4 e6 2. Nf3 d5 3. exd5 exd5 4. Nc3 Nf6 5. Bb5+ Bd7 6. d3 Bxb5 7. Nxb5 c5 8. 0-0 Qb6 9. Re1+ Be7 10. c4 Nc6 11. Bf4 0-0-0 12. Bc7 Qa6 13. Bxd8 Rxd8 14. Qd2 dxc4 15. a4 cxd3 16. Qf4 Rd7 17. Nd2 Qb6 18. Nc4 Qd8 19. Ne5 Nxe5 20. Qxe5 Bd6 21. Nxd6+ Rxd6 22. Qxc5+ Kb8 23. g4 d2 24. g5 dxe1R+ 25. Rxe1 Nh5 26. Re8 Qxe8 27. Qxd6+ 1/2-1/2

[Event "Klatovy op-B 24th"]
[Site "Klatovy"]
[Date "2018.07.02"]
[Round "3"]
[White "Vilimek, Vit"]
[Black "Vojir, Vaclav"]
[Result "1-0"]
[WhiteElo "1448"]
[BlackElo "1225"]
[PlyCount "71"]
[EventDate "2018.06.30"]
[EventType "swiss"]
[EventRounds "9"]
[EventCountry "CZE"]
[SourceTitle "CBM 185 Extra"]
[Source "ChessBase"]
[SourceDate "2018.07.29"]
[SourceVersion "1"]
[SourceVersionDate "2018.07.29"]
[SourceQuality "1"]

1. e4 e5 2. Nf3 Nc6 3. Bc4 Bc5 4. 0-0 Nf6 5. Nc3 d6 6. d3 Bg4 7. Be3 Bb6 8. Nd5 Nxd5 9. Bxd5 Be6 10. Bxc6+ bxc6 11. d4 f6 12. Re1 0-0 13. Qd3 Qe7 14. c4 Rad8 15. b4 c5 16. d5 Bf7 17. b5 Bg6 18. Nd2 f5 19. f3 Rf7 20. Nb3 fxe4 21. fxe4 Qh4 22. Qd2 h6 23. a4 a6 24. a5 Ba7 25. Bf2 Qf4 26. Bg3 Qxd2 27. Nxd2 axb5 28. cxb5 Rdf8 29. Nc4 Rb8 30. Rab1 Kh7 31. b6 cxb6 32. axb6 Bxb6 33. Rxb6 Rxb6 34. Nxb6 Rb7 35. Nc4 Rb4 36. Nxd6 1-0

[Event "Czech Fed-ch opB"]
[Site "Hrdonov"]
[Date "2013.10.28"]
[Round "3"]
[White "Vaculik, Jakub"]
[Black "Vojir, Vaclav"]
[Result "1/2-1/2"]
[WhiteElo "1756"]
[BlackElo "1659"]
[PlyCount "58"]
[EventDate "2013.10.26"]
[EventType "swiss"]
[EventRounds "9"]
[EventCountry "CZE"]
[SourceTitle "EXT 2016"]
[Source "ChessBase"]
[SourceDate "2015.10.08"]
[SourceVersion "1"]
[SourceVersionDate "2015.10.08"]
[SourceQuality "1"]

1. e4 c6 2. d4 d5 3. exd5 cxd5 4. Nf3 Nf6 5. Ne5 e6 6. Nc3 Nbd7 7. Bb5 a6 8. Nxd7 Nxd7 9. Bd3 Nf6 10. 0-0 Be7 11. Be3 Bd7 12. a3 Rc8 13. Qe2 0-0 14. Qf3 Re8 15. h3 Bf8 16. Kh1 g6 17. Rg1 Bg7 18. g4 e5 19. dxe5 Rxe5 20. Bd4 Re8 21. Rge1 Bc6 22. Kg1 Qd6 23. Rad1 Re6 24. Kf1 Rce8 25. Re2 Rxe2 26. Nxe2 Kf8 27. Bc3 Kg8 28. Nd4 Nd7 29. Bb4 Qc7 1/2-1/2

[Event "Hrdonov Fontana op"]
[Site "Hrdonov"]
[Date "2012.10.24"]
[Round "6"]
[White "Vojir, Vaclav"]
[Black "Starychfojtu, Josef"]
[Result "1/2-1/2"]
[WhiteElo "1790"]
[BlackElo "1604"]
[PlyCount "108"]
[EventDate "2012.10.20"]
[EventType "swiss"]
[EventRounds "9"]
[EventCountry "CZE"]
[SourceTitle "CBM 151 Extra"]
[Source "ChessBase"]
[SourceDate "2012.12.18"]
[SourceVersion "1"]
[SourceVersionDate "2012.12.18"]
[SourceQuality "1"]

1. d4 Nf6 2. c4 g6 3. Nc3 d5 4. cxd5 Nxd5 5. e4 Nxc3 6. bxc3 Bg7 7. Nf3 0-0 8. Bc4 c5 9. Be3 Qc7 10. Rc1 Nc6 11. 0-0 Bg4 12. h3 Bd7 13. e5 Na5 14. Bd5 e6 15. Be4 Bb5 16. Bd3 Bxd3 17. Qxd3 Rad8 18. Qe4 Nc6 19. Qh4 f6 20. exf6 Bxf6 21. Bg5 Bxg5 22. Nxg5 Qe7 23. dxc5 Rd5 24. f4 Qxc5+ 25. Kh2 Qe7 26. Rce1 e5 27. Re2 Rd3 28. Qh6 Rd6 29. h4 Qg7 30. Qxg7+ Kxg7 31. fxe5 Rxf1 32. exd6 Rd1 33. Ne4 Na5 34. Rd2 Rxd2 35. Nxd2 Kf7 36. Kg3 Ke6 37. Ne4 h6 38. Kf4 b6 39. g4 Nc4 40. d7 Kxd7 41. Nf6+ Ke6 42. Ng8 h5 43. gxh5 gxh5 44. Kg5 Ne5 45. Kxh5 Kf7 46. Nh6+ Ke6 47. Ng4 Nf3 48. Ne3 Ke5 49. Kg4 Ke4 50. Nc4 Nxh4 51. Kxh4 Kd3 52. Nd6 Kxc3 53. Nc8 Kb4 54. Nxa7 Ka3 1/2-1/2

[Event "Kouty nad Desnou op-A"]
[Site "Kouty nad Desnou"]
[Date "2011.03.16"]
[Round "6"]
[White "Vojir, Vaclav"]
[Black "Rydl, Adolf"]
[Result "0-1"]
[WhiteElo "1719"]
[BlackElo "1786"]
[PlyCount "58"]
[EventDate "2011.03.12"]
[EventType "swiss"]
[EventRounds "9"]
[EventCountry "CZE"]
[SourceTitle "EXT 2014"]
[Source "ChessBase"]
[SourceDate "2013.11.20"]
[SourceVersion "1"]
[SourceVersionDate "2013.11.20"]
[SourceQuality "1"]

1. d4 e6 2. c4 d5 3. Nf3 Nf6 4. Bg5 c5 5. Bxf6 Qxf6 6. Nc3 cxd4 7. Nxd4 Bc5 8. e3 Bxd4 9. exd4 dxc4 10. Bxc4 Nc6 11. d5 Qe5+ 12. Ne2 exd5 13. Qxd5 0-0 14. Qxe5 Nxe5 15. Rc1 Be6 16. Bb5 a6 17. f4 axb5 18. fxe5 Rxa2 19. Nd4 Bd5 20. Nxb5 Rxb2 21. Nc3 Rc8 22. Ra1 Bxg2 23. Rg1 Re8 24. Kd1 Bf3+ 25. Kc1 Rxh2 26. Rf1 Rh1 27. Kd2 Rxf1 28. Rxf1 Bc6 29. Ra1 h5 0-1

[Event "Kouty nad Desnou op-A"]
[Site "Kouty nad Desnou"]
[Date "2011.03.14"]
[Round "3"]
[White "Vojir, Vaclav"]
[Black "Hosek, Martin"]
[Result "0-1"]
[WhiteElo "1719"]
[BlackElo "2008"]
[PlyCount "55"]
[EventDate "2011.03.12"]
[EventType "swiss"]
[EventRounds "9"]
[EventCountry "CZE"]
[SourceTitle "EXT 2014"]
[Source "ChessBase"]
[SourceDate "2013.11.20"]
[SourceVersion "1"]
[SourceVersionDate "2013.11.20"]
[SourceQuality "1"]

1. d4 Nf6 2. c4 g6 3. Nc3 d5 4. e3 Bg7 5. Nf3 0-0 6. Bd3 c5 7. dxc5 Qa5 8. 0-0 Qxc5 9. Qb3 dxc4 10. Bxc4 Nc6 11. Qb5 Qxb5 12. Bxb5 a6 13. Bd3 Rd8 14. Bb1 b5 15. a3 Na5 16. Bc2 Be6 17. Nd4 Bc4 18. Re1 e5 19. Nf3 Nd5 20. Bd2 Nb3 21. Bxb3 Bxb3 22. Nxd5 Rxd5 23. Bc3 Rad8 24. e4 Rc5 25. Rac1 Bh6 26. Ba5 Bxc1 27. Bxd8 Bxb2 28. Be7 0-1

[Event "Plzen op 2nd"]
[Site "Plzen"]
[Date "2010.12.05"]
[Round "2"]
[White "Vojir, Vaclav"]
[Black "Haugk, Franko"]
[Result "0-1"]
[WhiteElo "1738"]
[BlackElo "1934"]
[PlyCount "86"]
[EventDate "2010.12.04"]
[EventType "swiss"]
[EventRounds "9"]
[EventCountry "CZE"]
[SourceTitle "CBM 139 Extra"]
[Source "ChessBase"]
[SourceDate "2011.01.05"]
[SourceVersion "1"]
[SourceVersionDate "2011.01.05"]
[SourceQuality "1"]

1. d4 Nf6 2. c4 e6 3. Nf3 b6 4. Nc3 Bb7 5. Qc2 Bb4 6. Bd2 0-0 7. a3 Bxc3 8. Bxc3 Ne4 9. Nd2 f5 10. Nf3 d6 11. Bd2 Nd7 12. g3 c5 13. Bg2 Qc8 14. Be3 Ndf6 15. h3 Nh5 16. 0-0 cxd4 17. Bxd4 e5 18. Be3 Nhf6 19. Rac1 Qe8 20. Qb3 Rc8 21. Rfd1 Kh8 22. Ng5 Qe7 23. Nxe4 Nxe4 24. Qb4 Rcd8 25. Qa4 Ra8 26. h4 h6 27. Qc2 Bc6 28. Kh2 Qf7 29. f3 Nxg3 30. Kxg3 f4+ 31. Kf2 fxe3+ 32. Kg1 e4 33. Rf1 Qe7 34. Qc3 exf3 35. Bxf3 Bxf3 36. Rxf3 Rxf3 37. exf3 Re8 38. Qe1 Qf6 39. Kg2 Qxb2+ 40. Kh3 Qf6 41. Qe2 Qf5+ 42. Kg2 Re6 43. Rc3 Rg6+ 0-1

[Event "Plzen op 1st"]
[Site "Plzen"]
[Date "2009.12.11"]
[Round "8"]
[White "Martan, Petr"]
[Black "Vojir, Vaclav"]
[Result "1/2-1/2"]
[WhiteElo "1565"]
[BlackElo "1778"]
[PlyCount "59"]
[EventDate "2009.12.05"]
[EventType "swiss"]
[EventRounds "9"]
[EventCountry "CZE"]
[SourceTitle "CBM 133 Extra"]
[Source "ChessBase"]
[SourceDate "2010.01.05"]
[SourceVersion "1"]
[SourceVersionDate "2010.01.05"]
[SourceQuality "1"]

1. e4 c6 2. Nf3 d5 3. d4 dxe4 4. Ng5 Nf6 5. Bc4 e6 6. 0-0 h6 7. Nh3 Bd6 8. f4 0-0 9. a3 b6 10. b4 Ba6 11. Bxa6 Nxa6 12. c3 Nc7 13. Qe2 Qe7 14. Nd2 Qd7 15. Nxe4 Nxe4 16. Qxe4 Nd5 17. Qd3 Nf6 18. Rf3 Qc7 19. g3 Rfd8 20. f5 e5 21. Qc2 Re8 22. dxe5 Bxe5 23. Nf4 Re7 24. Kg2 Rae8 25. Kh3 Nh7 26. Nh5 f6 27. Qb3+ Kh8 28. Qc4 Ng5+ 29. Bxg5 hxg5 30. Raf1 1/2-1/2

[Event "Plzen op 1st"]
[Site "Plzen"]
[Date "2009.12.09"]
[Round "6"]
[White "Vojir, Vaclav"]
[Black "Hruby, Vaclav"]
[Result "0-1"]
[WhiteElo "1778"]
[BlackElo "1782"]
[PlyCount "70"]
[EventDate "2009.12.05"]
[EventType "swiss"]
[EventRounds "9"]
[EventCountry "CZE"]
[SourceTitle "CBM 133 Extra"]
[Source "ChessBase"]
[SourceDate "2010.01.05"]
[SourceVersion "1"]
[SourceVersionDate "2010.01.05"]
[SourceQuality "1"]

1. d4 f5 2. c4 Nf6 3. Nc3 e6 4. Nf3 c6 5. e3 Be7 6. Bd3 0-0 7. 0-0 d5 8. Ne5 Nbd7 9. f4 Ne4 10. Bd2 Ndf6 11. Be1 dxc4 12. Bxc4 Nd5 13. Nxd5 exd5 14. Be2 Be6 15. b4 a6 16. Qb3 Qd6 17. a3 g6 18. Rc1 Kg7 19. Nd3 b6 20. Qb2 Rfc8 21. Rc2 h5 22. h3 Bd7 23. Ne5 Be8 24. Nd3 Qe6 25. Ne5 Bf6 26. h4 Be7 27. g3 b5 28. Kg2 Nd6 29. Kf2 Nc4 30. Qc1 Bd8 31. Nd3 a5 32. Nc5 Qe7 33. Nd3 axb4 34. axb4 Ra7 35. Bc3 Rca8 0-1

[Event "Plzen op 1st"]
[Site "Plzen"]
[Date "2009.12.06"]
[Round "2"]
[White "Vojir, Vaclav"]
[Black "Kasik, Miroslav"]
[Result "0-1"]
[WhiteElo "1778"]
[BlackElo "1932"]
[PlyCount "116"]
[EventDate "2009.12.05"]
[EventType "swiss"]
[EventRounds "9"]
[EventCountry "CZE"]
[SourceTitle "CBM 133 Extra"]
[Source "ChessBase"]
[SourceDate "2010.01.05"]
[SourceVersion "1"]
[SourceVersionDate "2010.01.05"]
[SourceQuality "1"]

1. d4 Nf6 2. c4 e6 3. Nf3 d5 4. Nc3 Be7 5. e3 0-0 6. Bd3 b6 7. 0-0 Bb7 8. Qc2 h6 9. a3 Nbd7 10. h3 c5 11. cxd5 exd5 12. Qb1 Rc8 13. Nb5 a6 14. Nc3 c4 15. Be2 b5 16. Bd2 Bd6 17. Nh4 Re8 18. Nf5 Bb8 19. Re1 Qc7 20. f4 Nb6 21. Bd1 Rcd8 22. Bf3 Bc8 23. Qc2 Bb7 24. g3 Nc8 25. Kg2 Nd6 26. Nxd6 Qxd6 27. Rh1 Bc7 28. Rae1 Bb6 29. Qd1 Qe7 30. Qc2 Ba5 31. Re2 Bxc3 32. Bxc3 Ne4 33. Be1 Qc7 34. Bg4 Ra8 35. Bf3 Qb6 36. h4 a5 37. g4 b4 38. axb4 axb4 39. Qb1 b3 40. Bxe4 Rxe4 41. Bc3 Ra2 42. Kf3 Bc8 43. Qg1 Qg6 44. Rg2 Ra6 45. Rh3 h5 46. gxh5 Qxh5+ 47. Kf2 Rg6 48. Rxg6 fxg6 49. Rh2 Bf5 50. Qg5 Qd1 51. Qd8+ Kh7 52. Qxd5 Qc2+ 53. Kg1 Qc1+ 54. Kg2 Rxe3 55. Qa5 Be4+ 56. Kf2 Rf3+ 57. Ke2 Qf1+ 58. Kd2 Rd3# 0-1

[Event "Harrachov op-A"]
[Site "Harrachov"]
[Date "2009.10.31"]
[Round "9"]
[White "Kouba, Vaclav"]
[Black "Vojir, Vaclav"]
[Result "1/2-1/2"]
[WhiteElo "1870"]
[BlackElo "1778"]
[PlyCount "93"]
[EventDate "2009.10.24"]
[EventType "swiss"]
[EventRounds "9"]
[EventCountry "CZE"]
[SourceTitle "EXT 2012"]
[Source "ChessBase"]
[SourceDate "2011.11.24"]
[SourceVersion "1"]
[SourceVersionDate "2011.11.24"]
[SourceQuality "1"]

1. e4 c6 2. d4 d5 3. Nc3 dxe4 4. Nxe4 Bf5 5. Ng3 Bg6 6. Bd3 Bxd3 7. Qxd3 Nd7 8. Nf3 e6 9. 0-0 Be7 10. Bf4 Ngf6 11. c3 h6 12. Rfd1 0-0 13. Qc2 Nd5 14. Bd2 Qc7 15. Re1 Rfe8 16. Ne5 N5f6 17. Nxd7 Qxd7 18. Ne4 Nxe4 19. Qxe4 Qd5 20. Qg4 h5 21. Qg3 Bd6 22. Bf4 Bxf4 23. Qxf4 Qf5 24. Qg3 Qg4 25. Qd3 Qf5 26. Qd2 f6 27. Re2 Re7 28. Rae1 Rae8 29. Re4 Kf7 30. f4 Rd8 31. Qe2 Rh8 32. Qc2 Rhe8 33. Qb3 Qb5 34. Qxb5 cxb5 35. Kf2 g6 36. R1e3 Rd8 37. Ke2 Rd5 38. Kd3 a6 39. b3 a5 40. c4 bxc4+ 41. bxc4 Rf5 42. a4 g5 43. fxg5 Rxg5 44. g3 Rf5 45. d5 e5 46. Re2 Rf1 47. Ra2 1/2-1/2

[Event "Harrachov op-A"]
[Site "Harrachov"]
[Date "2009.10.27"]
[Round "5"]
[White "Navratilova, Alena"]
[Black "Vojir, Vaclav"]
[Result "1/2-1/2"]
[WhiteElo "1802"]
[BlackElo "1778"]
[PlyCount "64"]
[EventDate "2009.10.24"]
[EventType "swiss"]
[EventRounds "9"]
[EventCountry "CZE"]
[SourceTitle "EXT 2012"]
[Source "ChessBase"]
[SourceDate "2011.11.24"]
[SourceVersion "1"]
[SourceVersionDate "2011.11.24"]
[SourceQuality "1"]

1. Nf3 Nf6 2. d4 d5 3. g3 e6 4. Bg2 c6 5. 0-0 Bd6 6. Nbd2 0-0 7. c4 Nbd7 8. e3 Re8 9. a3 a5 10. b3 h6 11. Bb2 b6 12. Re1 Qc7 13. cxd5 cxd5 14. Rc1 Qb8 15. Bf1 Ba6 16. Bxa6 Rxa6 17. Rc2 Rc8 18. Qb1 Rxc2 19. Qxc2 Qc7 20. Qxc7 Bxc7 21. Rc1 Ne8 22. Nb1 Ra7 23. a4 Rb7 24. Ba3 Rb8 25. Rc6 b5 26. axb5 Rxb5 27. Nbd2 Rb6 28. Rc2 f6 29. Ne1 Nb8 30. Nd3 Rc6 31. Rxc6 Nxc6 32. Kf1 Kf7 1/2-1/2

[Event "Harrachov op-A"]
[Site "Harrachov"]
[Date "2009.10.27"]
[Round "4"]
[White "Vojir, Vaclav"]
[Black "Vojir, Vaclav Jr"]
[Result "1/2-1/2"]
[WhiteElo "1778"]
[BlackElo "1792"]
[PlyCount "27"]
[EventDate "2009.10.24"]
[EventType "swiss"]
[EventRounds "9"]
[EventCountry "CZE"]
[SourceTitle "EXT 2012"]
[Source "ChessBase"]
[SourceDate "2011.11.24"]
[SourceVersion "1"]
[SourceVersionDate "2011.11.24"]
[SourceQuality "1"]

1. e4 c6 2. d4 d5 3. Nc3 dxe4 4. Nxe4 Bf5 5. Ng3 Bg6 6. h4 h6 7. h5 Bh7 8. Bd3 Bxd3 9. Qxd3 Nf6 10. Nf3 Nbd7 11. 0-0 e6 12. Bd2 Be7 13. Rfe1 0-0 14. Rad1 1/2-1/2

[Event "CZE-ch Juniors op-A"]
[Site "Kouty nad Desnou"]
[Date "2009.03.14"]
[Round "9"]
[White "Vojir, Vaclav"]
[Black "Vaculka, Pavel"]
[Result "0-1"]
[WhiteElo "1789"]
[BlackElo "1797"]
[PlyCount "56"]
[EventDate "2009.03.07"]
[EventType "swiss"]
[EventRounds "9"]
[EventCountry "CZE"]
[SourceTitle "EXT 2011"]
[Source "ChessBase"]
[SourceDate "2010.11.26"]
[SourceVersion "1"]
[SourceVersionDate "2010.11.26"]
[SourceQuality "1"]

1. d4 Nf6 2. Nf3 d5 3. c4 e6 4. e3 c5 5. cxd5 Nxd5 6. Bd2 Nc6 7. dxc5 Bxc5 8. a3 a5 9. Nc3 0-0 10. Qc2 Be7 11. Rd1 Nxc3 12. Bxc3 Bd7 13. Bb5 Rc8 14. Qa4 Qe8 15. Qg4 f6 16. Bxa5 Ne5 17. Nxe5 Bxb5 18. Nd3 f5 19. Qh3 Bxd3 20. Rxd3 Rc1+ 21. Rd1 Rxd1+ 22. Kxd1 Qa4+ 23. Ke2 Qb5+ 24. Kf3 Qxa5 25. Rd1 Qe5 26. Rd7 Qe4+ 27. Ke2 Qc2+ 28. Kf3 Qc6+ 0-1

[Event "CZE-ch Juniors op-A"]
[Site "Kouty nad Desnou"]
[Date "2009.03.11"]
[Round "6"]
[White "Paukert, Jan"]
[Black "Vojir, Vaclav"]
[Result "1-0"]
[WhiteElo "1896"]
[BlackElo "1789"]
[PlyCount "77"]
[EventDate "2009.03.07"]
[EventType "swiss"]
[EventRounds "9"]
[EventCountry "CZE"]
[SourceTitle "EXT 2011"]
[Source "ChessBase"]
[SourceDate "2010.11.26"]
[SourceVersion "1"]
[SourceVersionDate "2010.11.26"]
[SourceQuality "1"]

1. d4 d5 2. Nf3 Nf6 3. g3 g6 4. Bg2 Bg7 5. 0-0 0-0 6. c4 c6 7. Nc3 e6 8. Bf4 Re8 9. Qd3 Nbd7 10. e4 dxe4 11. Nxe4 Nxe4 12. Qxe4 Nf6 13. Qc2 a6 14. Rad1 Qb6 15. Rfe1 Bd7 16. Ne5 Rad8 17. Be3 Qc7 18. a4 c5 19. Nxd7 Nxd7 20. dxc5 Nxc5 21. b4 Rxd1 22. Rxd1 Nd7 23. Qb3 b6 24. Bf4 Qc8 25. Be3 Bf6 26. f4 Bd8 27. Bd4 Bf6 28. Qd3 Be7 29. Bc3 Rd8 30. Qe2 Nb8 31. Rxd8+ Qxd8 32. Qe5 f6 33. Qxe6+ Kf8 34. Bd5 Kg7 35. Qf7+ Kh6 36. g4 Qf8 37. g5+ fxg5 38. fxg5+ Kxg5 39. Bf6+ 1-0

[Event "CZE-ch Juniors op-A"]
[Site "Kouty nad Desnou"]
[Date "2009.03.09"]
[Round "4"]
[White "Vojir, Vaclav"]
[Black "Bartos, Alois"]
[Result "0-1"]
[WhiteElo "1789"]
[BlackElo "2083"]
[PlyCount "50"]
[EventDate "2009.03.07"]
[EventType "swiss"]
[EventRounds "9"]
[EventCountry "CZE"]
[SourceTitle "EXT 2011"]
[Source "ChessBase"]
[SourceDate "2010.11.26"]
[SourceVersion "1"]
[SourceVersionDate "2010.11.26"]
[SourceQuality "1"]

1. d4 Nf6 2. g3 c5 3. e3 e6 4. Bg2 d5 5. Nf3 Nc6 6. 0-0 Be7 7. Nc3 0-0 8. a3 a6 9. Bd2 Qc7 10. Be1 b5 11. dxc5 Bxc5 12. Ne2 Rd8 13. c3 h6 14. Qc2 e5 15. h3 Be6 16. Rc1 Rac8 17. Bd2 Ba7 18. Rfd1 Ne4 19. Be1 Bf5 20. Qb3 Nc5 21. Qa2 Be6 22. b3 d4 23. c4 dxe3 24. Qc2 bxc4 25. bxc4 e4 0-1

[Event "CZE-ch Juniors op-A"]
[Site "Kouty nad Desnou"]
[Date "2009.03.09"]
[Round "3"]
[White "Vojir, Vaclav"]
[Black "Cerny, Vaclav"]
[Result "1-0"]
[WhiteElo "1789"]
[BlackElo "1989"]
[PlyCount "75"]
[EventDate "2009.03.07"]
[EventType "swiss"]
[EventRounds "9"]
[EventCountry "CZE"]
[SourceTitle "EXT 2011"]
[Source "ChessBase"]
[SourceDate "2010.11.26"]
[SourceVersion "1"]
[SourceVersionDate "2010.11.26"]
[SourceQuality "1"]

1. d4 g6 2. g3 Bg7 3. Bg2 Nf6 4. Nc3 d6 5. Nf3 0-0 6. 0-0 Nc6 7. Re1 Bg4 8. h3 Bxf3 9. Bxf3 Nd7 10. e3 e5 11. dxe5 Ndxe5 12. Bg2 Kh8 13. Rb1 f5 14. Nd5 Na5 15. Bd2 c6 16. Nf4 Re8 17. b3 d5 18. Ne2 Qc7 19. Bc3 b5 20. Qd2 Nb7 21. Nd4 Rad8 22. Nf3 Nxf3+ 23. Bxf3 Nd6 24. Ba5 Ne4 25. Bxe4 dxe4 26. Qxd8 Qxd8 27. Bxd8 Rxd8 28. Red1 Bf6 29. Rxd8+ Bxd8 30. Rd1 Bb6 31. Rd7 b4 32. Kg2 Kg8 33. h4 c5 34. Kh3 h5 35. Kg2 Kf8 36. f3 a5 37. fxe4 fxe4 38. Rd6 1-0

[Event "Sec op-B"]
[Site "Sec u Chrudimi"]
[Date "2007.10.20"]
[Round "1"]
[White "Jodas, Jan"]
[Black "Vojir, Vaclav"]
[Result "0-1"]
[WhiteElo "1348"]
[BlackElo "1693"]
[PlyCount "70"]
[EventDate "2007.10.20"]
[EventType "swiss"]
[EventRounds "9"]
[EventCountry "CZE"]
[SourceTitle "EXT 2022"]
[Source "ChessBase"]
[SourceDate "2021.10.06"]
[SourceVersion "1"]
[SourceVersionDate "2021.10.06"]
[SourceQuality "1"]

1. e4 c6 2. Nf3 d5 3. exd5 cxd5 4. d4 Nf6 5. Bd3 g6 6. 0-0 Bg7 7. Bf4 0-0 8. Qd2 Re8 9. Re1 Nc6 10. c4 Bg4 11. Ne5 Nxd4 12. cxd5 a6 13. Bc4 Nb5 14. Qb4 Bd7 15. a4 Nd6 16. Bb3 Bc8 17. Nd2 a5 18. Qa3 Bf5 19. Ndf3 Ng4 20. Nxg4 Bxg4 21. Ng5 h6 22. Ne4 Nxe4 23. Rxe4 Bf5 24. Re2 g5 25. Bg3 Rc8 26. Rae1 Bf6 27. Bd6 Kf8 28. Bg3 Bg4 29. f3 Bd7 30. d6 exd6 31. Bxd6+ Kg7 32. Be7 Bd4+ 33. Kf1 Qb6 34. Qa1 Qg6 35. Rd2 Qa6+ 0-1